| 000 | 00915nam a2200289 i 4500 | ||
|---|---|---|---|
| 001 | bg | ||
| 100 | 1 |
_aCZERNIEC, Miron _d(1949- ) |
|
| 245 | 1 | 0 |
_aPrognozowanie trwałości tribologicznej kół zębatych walcowych ewolwentowych / _cMiron Czerniec, Jerzy Kiełbiński ; Politechnika Lubelska. |
| 260 |
_aLublin : _bWydaw. PL, _c2003. |
||
| 300 |
_a159 s. : _brys., wykr. ; _c24 cm. |
||
| 504 | _aBibliogr. s. 137-140. | ||
| 650 | 9 |
_aKoła zębate _xmechanika _xmodele matematyczne |
|
| 650 | 9 | _aTarcie | |
| 650 | 9 | _aTrybologia | |
| 650 | 9 | _aWytrzymałość materiałów | |
| 655 | _aPodręczniki | ||
| 700 | 1 | _aKIEŁBIŃSKI, Jerzy | |
| 710 | 0 | _aPolitechnika Lubelska | |
| 015 | _aPB 160/2005 | ||
| 020 | _a8389246961 | ||
| 040 | _cBPK | ||
| 041 | 0 | _apol | |
| 080 | _a621.833:620.17:621.01:531.4:519.86](07) | ||
| 920 | _a83-89246-96-1 | ||
| 942 | _cKS | ||
| 008 | s pl f |000 0 pol | ||
| 999 |
_c46384 _d46384 |
||
| 856 |
_uhttp://koha.tu.koszalin.pl/cgi-bin/koha/opac-detail.pl?biblionumber=46384 _yKatalog online BPK |
||